000 00694nam a2200205 a 4500
001 000014746
005 20240412074241.0
008 100120s2007 dr 001 j spa d
020 _a9789945420340
040 _aDO-SdBNP
_bspa
_cBNPHU
082 _aRD863.44
_bA347p
100 1 _aAlcántara Fernández, Orlando,
_d1962-
_c(Cristorly)
_933431
245 1 0 _aPor nuestro bien /
_cOrlando Alcántara Fernández.
260 _aSan Francisco de Macorís :
_bRumbo Sur,
_c2007.
300 _a95 p. ;
_c18 cm.
500 _aIncluye datos biográficos del autor en la contracubierta.
590 _aInventariado, 2019 / DG
650 0 _aCuentos dominicanos
_9176
650 0 _aLiteratura dominicana.
_967
999 _c14329
_d14329